Science Quiz

Random Science or Food Quiz

Apples or Oranges Quiz Stats

 Plays Quiz Updated Sep 18, 2015

Also try: Fruit or Antelope?
Challenge
Share
Tweet
Embed
Score 0/24 Timer 02:00
6 Plays Today
Variety Name Apple ('A') or Orange ('O') % Correct
Blood???
89.5%
Gala???
87.1%
Bramley???
85.7%
Honeycrisp???
85.5%
McIntosh???
84%
Foxwhelp???
77.7%
Navel???
74.9%
Jonagold???
69%
Valencia???
68.1%
Gravenstein???
65.3%
Pam's Delight???
60%
Malta???
59.7%
Variety Name Apple ('A') or Orange ('O') % Correct
Jaffa???
58.9%
Spartan???
58.8%
White Transparent???
58%
Cadanera???
54.9%
Opal???
53.2%
Cara Cara???
51.5%
Streifling Herbst???
50.2%
Hart's Tardiff???
44.3%
Hamlin???
43.4%
Midsweet???
40.6%
Gardener???
34.5%
Smith Red???
14.2%

You're not logged in!

Compare scores with friends on all Sporcle quizzes.
OR
Log In

You Might Also Like...

Show Comments

Extras

Top Quizzes Today


Score Distribution

Your Account Isn't Verified!

In order to create a playlist on Sporcle, you need to verify the email address you used during registration. Go to your Sporcle Settings to finish the process.

Report this User

Report this user for behavior that violates our Community Guidelines.

Details: